Oxford learner's thesaurus : A dictionary of synonyms.
Đã lưu trong:
| Formáid: | Sách giấy |
|---|---|
| Teanga: | English |
| Foilsithe: |
New York :
Oxford University Press,
1986 +
|
| Ábhair: | |
| Clibeanna: |
Cuir Clib Leis
Gan Chlibeanna, Bí ar an gcéad duine leis an taifead seo a chlibeáil!
|
| Thư viện lưu trữ: | Thư viện Trường Đại học Đà Lạt |
|---|
| LEADER | 00745nam a2200313 4500 | ||
|---|---|---|---|
| 001 | DLU110119604 | ||
| 005 | ##20110413 | ||
| 040 | # | # | |a DLU |b vie |
| 041 | # | # | |a eng |
| 044 | # | # | |a vn |
| 082 | # | # | |a 423.1 |b Oxf |
| 245 | # | # | |a Oxford learner's thesaurus : |b A dictionary of synonyms. |
| 260 | # | # | |a New York : |b Oxford University Press, |c 1986 + |e 1 đĩa CDROM. |
| 300 | # | # | |a xvi, 1008 tr. ; |c 24 cm. |
| 653 | # | # | |a Dictionaries |
| 653 | # | # | |a English language |
| 653 | # | # | |a Standard language |
| 923 | # | # | |a 01/2011NN |
| 991 | # | # | |a SH |
| 992 | # | # | |a 0 |
| 994 | # | # | |a KNN |
| 998 | # | # | |a TK |
| 900 | # | # | |a True |
| 911 | # | # | |a Đào Thị Thu Huyền |
| 925 | # | # | |a G |
| 926 | # | # | |a A |
| 927 | # | # | |a SH |
| 980 | # | # | |a Thư viện Trường Đại học Đà Lạt |